[Event "DEM U10w 2021"]
[Site "Willingen GER"]
[Date "2021.08.24"]
[Round "4"]
[White "Wagner, Cosima"]
[Black "Czäczine, Paula"]
[Result "1-0"]
[Termination "normal"]
[Board "1"]
[WhiteElo "1110"]
[BlackElo "1127"]
[WhiteClock "00:21:39"]
[BlackClock "00:26:08"]
[PlyCount "139"]
[WhiteFideId "34603484"]
[BlackFideId "16249305"]
[EventCountry "GER"]
[EventRounds "11"]
[EventType "swiss"]
[EventDate "2021.08.22"]

1. e4 {[%clk 01:15:57]} {[%emt 00:00:03]} e5 {[%clk 01:15:50]} {[%emt
00:00:10]} 2. Nf3 {[%emt 00:00:08]} Nc6 {[%clk 01:16:10]} {[%emt 00:00:09]} 3.
Bc4 {[%clk 01:16:44]} {[%emt 00:00:06]} Nf6 {[%clk 01:16:28]} {[%emt 00:00:11]}
4. Nc3 {[%clk 01:17:06]} {[%emt 00:00:09]} Nxe4 {[%clk 01:16:32]} {[%emt
00:00:26]} 5. O-O {[%clk 01:17:29]} {[%emt 00:00:07]} Nxc3 {[%clk 01:15:40]}
{[%emt 00:01:21]} 6. dxc3 {[%emt 00:00:09]} Be7 {[%clk 01:13:31]} {[%emt
00:02:37]} 7. Qd5 {[%clk 01:17:58]} {[%emt 00:00:25]} O-O {[%clk 01:12:58]}
{[%emt 00:01:02]} 8. Nxe5 {[%clk 01:18:16]} {[%emt 00:00:12]} Nxe5 {[%clk
01:12:44]} {[%emt 00:00:44]} 9. Qxe5 {[%clk 01:18:34]} {[%emt 00:00:12]} d6
{[%clk 01:09:32]} {[%emt 00:03:43]} 10. Qe4 {[%clk 01:12:41]} {[%emt 00:06:24]}
Bg5 {[%clk 00:56:18]} {[%emt 00:13:42]} 11. Bd3 {[%clk 01:09:07]} {[%emt
00:04:04]} g6 {[%clk 00:55:59]} {[%emt 00:00:49]} 12. f4 {[%clk 01:03:49]}
{[%emt 00:05:48]} Bf6 {[%clk 00:53:45]} {[%emt 00:02:44]} 13. Qf3 {[%clk
01:00:13]} {[%emt 00:04:07]} c6 {[%clk 00:48:43]} {[%emt 00:05:32]} 14. f5
{[%clk 00:56:21]} {[%emt 00:04:22]} d5 {[%clk 00:41:06]} {[%emt 00:08:07]} 15.
Bh6 {[%clk 00:55:04]} {[%emt 00:01:47]} Bg7 {[%clk 00:40:29]} {[%emt 00:01:07]}
16. Bxg7 {[%clk 00:55:22]} {[%emt 00:00:11]} Kxg7 {[%clk 00:40:51]} {[%emt
00:00:08]} 17. f6+ {[%clk 00:55:02]} {[%emt 00:00:51]} Kg8 {[%clk 00:41:01]}
{[%emt 00:00:20]} 18. Qf4 {[%clk 00:53:50]} {[%emt 00:01:42]} Kh8 {[%clk
00:37:46]} {[%emt 00:03:44]} 19. Qh6 {[%clk 00:49:59]} {[%emt 00:04:22]} Rg8
{[%clk 00:38:06]} {[%emt 00:00:10]} 20. Rae1 {[%clk 00:35:59]} {[%emt
00:14:31]} Qf8 {[%clk 00:36:14]} {[%emt 00:02:20]} 21. Qh4 {[%clk 00:34:33]}
{[%emt 00:01:57]} Qc5+ {[%clk 00:33:56]} {[%emt 00:02:48]} 22. Kh1 {[%clk
00:32:16]} {[%emt 00:02:47]} Be6 {[%clk 00:32:13]} {[%emt 00:02:13]} 23. Rxe6
{[%clk 00:27:15]} {[%emt 00:05:30]} fxe6 {[%clk 00:30:31]} {[%emt 00:02:12]}
24. f7 {[%clk 00:26:57]} {[%emt 00:00:48]} Rg7 {[%clk 00:30:38]} {[%emt
00:00:23]} 25. Qf6 {[%clk 00:25:39]} {[%emt 00:01:48]} Qf8 {[%clk 00:29:41]}
{[%emt 00:01:28]} 26. h4 {[%clk 00:23:54]} {[%emt 00:02:14]} Rc8 {[%clk
00:27:17]} {[%emt 00:02:55]} 27. Qxe6 {[%clk 00:23:04]} {[%emt 00:01:20]} a5
{[%clk 00:16:49]} {[%emt 00:10:58]} 28. Qxc8 {[%clk 00:21:52]} {[%emt
00:01:42]} Qxc8 {[%clk 00:16:48]} {[%emt 00:00:30]} 29. f8=Q+ {[%clk 00:21:56]}
{[%emt 00:00:23]} Qxf8 {[%clk 00:17:12]} {[%emt 00:00:09]} 30. Rxf8+ {[%clk
00:22:17]} {[%emt 00:00:09]} Rg8 {[%clk 00:17:36]} {[%emt 00:00:06]} 31. Rxg8+
{[%clk 00:22:43]} {[%emt 00:00:05]} Kxg8 {[%clk 00:17:58]} {[%emt 00:00:08]}
32. Kg1 {[%clk 00:22:41]} {[%emt 00:00:31]} Kf7 {[%clk 00:18:13]} {[%emt
00:00:15]} 33. Kf2 {[%clk 00:23:03]} {[%emt 00:00:09]} b6 {[%clk 00:18:12]}
{[%emt 00:00:31]} 34. c4 {[%clk 00:22:35]} {[%emt 00:00:58]} dxc4 {[%clk
00:18:22]} {[%emt 00:00:20]} 35. Bxc4+ {[%clk 00:22:59]} {[%emt 00:00:06]} Kf6
{[%clk 00:18:45]} {[%emt 00:00:06]} 36. g4 {[%clk 00:21:28]} {[%emt 00:02:01]}
h6 {[%clk 00:18:29]} {[%emt 00:00:47]} 37. Ke3 {[%clk 00:19:12]} {[%emt
00:02:46]} Ke5 {[%clk 00:18:42]} {[%emt 00:00:17]} 38. Bf7 {[%clk 00:18:51]}
{[%emt 00:00:52]} g5 {[%clk 00:18:48]} {[%emt 00:00:23]} 39. hxg5 {[%clk
00:19:10]} {[%emt 00:00:09]} hxg5 {[%clk 00:19:11]} {[%emt 00:00:08]} 40. c3
{[%clk 00:18:29]} {[%emt 00:01:11]} c5 {[%clk 00:18:21]} {[%emt 00:01:21]} 41.
Be8 {[%clk 00:18:05]} {[%emt 00:00:55]} Kd5 {[%clk 00:18:06]} {[%emt 00:00:44]}
42. Bb5 {[%clk 00:17:59]} {[%emt 00:00:35]} Ke5 {[%clk 00:18:24]} {[%emt
00:00:12]} 43. b3 {[%clk 00:17:54]} {[%emt 00:00:36]} Kd5 {[%clk 00:18:41]}
{[%emt 00:00:13]} 44. a3 {[%clk 00:18:07]} {[%emt 00:00:17]} Ke5 {[%clk
00:18:57]} {[%emt 00:00:13]} 45. c4 {[%clk 00:18:23]} {[%emt 00:00:15]} Kd6
{[%clk 00:18:55]} {[%emt 00:00:31]} 46. Ke4 {[%clk 00:18:15]} {[%emt 00:00:38]}
Ke6 {[%clk 00:19:16]} {[%emt 00:00:09]} 47. Ba6 {[%clk 00:18:22]} {[%emt
00:00:24]} Kd7 {[%clk 00:19:15]} {[%emt 00:00:31]} 48. Kf5 {[%clk 00:18:43]}
{[%emt 00:00:09]} Kd6 {[%clk 00:19:38]} {[%emt 00:00:06]} 49. Kxg5 {[%clk
00:19:03]} {[%emt 00:00:10]} Ke5 {[%clk 00:19:55]} {[%emt 00:00:14]} 50. Kg6
{[%clk 00:18:30]} {[%emt 00:01:03]} Kd4 {[%clk 00:20:17]} {[%emt 00:00:08]} 51.
Bb5 {[%clk 00:18:41]} {[%emt 00:00:19]} Kc3 {[%clk 00:20:35]} {[%emt 00:00:12]}
52. Ba4 {[%clk 00:18:54]} {[%emt 00:00:17]} Kb2 {[%clk 00:20:52]} {[%emt
00:00:13]} 53. g5 {[%clk 00:19:15]} {[%emt 00:00:09]} Kxa3 {[%clk 00:21:12]}
{[%emt 00:00:09]} 54. Kf7 {[%clk 00:19:37]} {[%emt 00:00:09]} Kb4 {[%clk
00:21:21]} {[%emt 00:00:21]} 55. g6 {[%clk 00:19:58]} {[%emt 00:00:09]} b5
{[%clk 00:21:19]} {[%emt 00:00:32]} 56. cxb5 {[%clk 00:19:56]} {[%emt
00:00:33]} c4 {[%clk 00:21:41]} {[%emt 00:00:07]} 57. bxc4 {[%clk 00:20:18]}
{[%emt 00:00:08]} Kxa4 {[%clk 00:22:03]} {[%emt 00:00:08]} 58. g7 {[%clk
00:20:43]} {[%emt 00:00:05]} Kb4 {[%clk 00:22:23]} {[%emt 00:00:10]} 59. g8=Q
{[%clk 00:20:46]} {[%emt 00:00:15]} a4 {[%clk 00:22:50]} {[%emt 00:00:15]} 60.
Qa8 {[%clk 00:21:06]} {[%emt 00:00:11]} a3 {[%clk 00:23:13]} {[%emt 00:00:06]}
61. b6 {[%clk 00:21:11]} {[%emt 00:01:34]} Kb3 {[%clk 00:23:33]} {[%emt
00:00:09]} 62. b7 {[%clk 00:21:02]} {[%emt 00:00:40]} a2 {[%clk 00:23:58]}
{[%emt 00:00:06]} 63. b8=R+ {[%emt 00:00:14]} Kxc4 {[%emt 00:00:10]} 64. Qxa2+
{[%clk 00:20:57]} {[%emt 00:00:11]} Kd4 {[%clk 00:24:21]} {[%emt 00:00:07]} 65.
Rd8+ {[%clk 00:20:57]} {[%emt 00:00:29]} Ke4 {[%clk 00:24:41]} {[%emt
00:00:10]} 66. Qe2+ {[%clk 00:21:17]} {[%emt 00:00:09]} Kf4 {[%clk 00:25:04]}
{[%emt 00:00:08]} 67. Rd4+ {[%clk 00:21:39]} {[%emt 00:00:08]} Kf5 {[%clk
00:25:26]} {[%emt 00:00:08]} 68. Qe6+ {[%clk 00:21:52]} {[%emt 00:00:17]} Kg5
{[%clk 00:25:47]} {[%emt 00:00:08]} 69. Rg4+ {[%clk 00:21:55]} {[%emt
00:00:27]} Kh5 {[%clk 00:26:08]} {[%emt 00:00:09]} 70. Qg6# {[%clk 00:21:39]}
{[%emt 00:00:16]} 1-0

[Event "DEM U10w 2021"]
[Site "Willingen GER"]
[Date "2021.08.24"]
[Round "4"]
[White "Rafikova, Ailin"]
[Black "Xiao, Yiyi"]
[Result "0-1"]
[Termination "normal"]
[Board "3"]
[WhiteElo "1375"]
[BlackElo "1368"]
[WhiteClock "01:07:56"]
[BlackClock "01:13:38"]
[PlyCount "38"]
[WhiteFideId "34612173"]
[BlackFideId "34605665"]
[EventCountry "GER"]
[EventRounds "11"]
[EventType "swiss"]
[EventDate "2021.08.22"]

1. e4 {[%clk 01:15:49]} {[%emt 00:00:10]} e5 {[%clk 01:15:52]} {[%emt
00:00:08]} 2. Nf3 {[%clk 01:16:12]} {[%emt 00:00:07]} Nc6 {[%clk 01:16:11]}
{[%emt 00:00:12]} 3. Bc4 {[%clk 01:16:34]} {[%emt 00:00:08]} Bc5 {[%clk
01:16:26]} {[%emt 00:00:15]} 4. d3 {[%clk 01:16:58]} {[%emt 00:00:06]} Nf6
{[%clk 01:16:37]} {[%emt 00:00:19]} 5. Bg5 {[%clk 01:17:10]} {[%emt 00:00:17]}
d6 {[%clk 01:16:57]} {[%emt 00:00:11]} 6. h3 {[%clk 01:17:19]} {[%emt
00:00:21]} h6 {[%clk 01:17:04]} {[%emt 00:00:22]} 7. Bh4 {[%clk 01:17:35]}
{[%emt 00:00:15]} Be6 {[%clk 01:16:34]} {[%emt 00:01:00]} 8. Bb3 {[%clk
01:17:57]} {[%emt 00:00:08]} g5 {[%clk 01:16:05]} {[%emt 00:01:00]} 9. Bg3
{[%clk 01:18:17]} {[%emt 00:00:09]} g4 {[%emt 00:03:17]} 10. Nfd2 {[%clk
01:16:20]} {[%emt 00:00:05]} Qd7 {[%clk 01:15:11]} {[%emt 00:00:59]} 11. Nc3
{[%clk 01:15:35]} {[%emt 00:01:15]} O-O-O {[%clk 01:15:00]} {[%emt 00:00:41]}
12. h4 {[%clk 01:15:01]} {[%emt 00:01:04]} Nh5 {[%clk 01:14:56]} {[%emt
00:00:33]} 13. Bxe6 {[%clk 01:13:23]} {[%emt 00:02:08]} fxe6 {[%clk 01:14:56]}
{[%emt 00:00:31]} 14. Qxg4 {[%clk 01:13:14]} {[%emt 00:00:38]} Nxg3 {[%clk
01:14:58]} {[%emt 00:00:28]} 15. Qxg3 {[%clk 01:12:49]} {[%emt 00:00:54]} Rhg8
{[%clk 01:15:08]} {[%emt 00:00:21]} 16. Qh3 {[%clk 01:11:57]} {[%emt 00:01:16]}
Rdf8 {[%emt 00:01:44]} 17. f3 {[%clk 01:11:09]} {[%emt 00:00:06]} Nd4 {[%clk
01:14:19]} {[%emt 00:01:24]} 18. O-O-O {[%clk 01:10:35]} {[%emt 00:01:04]} Bb4
{[%clk 01:13:57]} {[%emt 00:00:53]} 19. Ncb1 {[%clk 01:07:56]} {[%emt
00:03:08]} Ne2# {[%clk 01:13:38]} {[%emt 00:00:16]} 0-1

[Event "DEM U10w 2021"]
[Site "Willingen GER"]
[Date "2021.08.24"]
[Round "4"]
[White "Baihaghi, Aryana"]
[Black "Bakó, Isabella"]
[Result "0-1"]
[Termination "normal"]
[Board "4"]
[WhiteElo "1265"]
[BlackElo "1173"]
[WhiteClock "00:24:26"]
[BlackClock "00:13:19"]
[PlyCount "132"]
[WhiteFideId "34604960"]
[BlackFideId "16287266"]
[EventCountry "GER"]
[EventRounds "11"]
[EventType "swiss"]
[EventDate "2021.08.22"]

1. e4 {[%clk 01:15:59]} {[%emt 00:00:01]} c5 {[%clk 01:15:01]} {[%emt
00:00:59]} 2. Nf3 {[%clk 01:16:16]} {[%emt 00:00:13]} d6 {[%clk 01:14:58]}
{[%emt 00:00:33]} 3. d4 {[%clk 01:16:35]} {[%emt 00:00:11]} cxd4 {[%clk
01:15:23]} {[%emt 00:00:05]} 4. Nxd4 {[%clk 01:16:52]} {[%emt 00:00:13]} Nf6
{[%clk 01:15:46]} {[%emt 00:00:07]} 5. Nc3 {[%clk 01:17:16]} {[%emt 00:00:06]}
g6 {[%clk 01:15:16]} {[%emt 00:00:59]} 6. Be3 {[%clk 01:16:39]} {[%emt
00:01:08]} Bg7 {[%clk 01:15:30]} {[%emt 00:00:15]} 7. Qd2 {[%clk 01:16:19]}
{[%emt 00:00:50]} Ng4 {[%clk 01:15:27]} {[%emt 00:00:30]} 8. Bb5+ {[%clk
01:16:28]} {[%emt 00:00:25]} Bd7 {[%clk 01:15:36]} {[%emt 00:00:20]} 9. O-O-O
{[%clk 01:14:51]} {[%emt 00:02:07]} Nxe3 {[%clk 01:15:06]} {[%emt 00:00:59]}
10. Qxe3 {[%clk 01:13:37]} {[%emt 00:01:45]} O-O {[%clk 01:13:08]} {[%emt
00:02:28]} 11. Kb1 {[%clk 01:13:04]} {[%emt 00:01:03]} Nc6 {[%clk 01:11:47]}
{[%emt 00:01:51]} 12. h4 {[%clk 01:09:35]} {[%emt 00:04:01]} Qb6 {[%clk
01:10:25]} {[%emt 00:01:49]} 13. Ba4 {[%clk 01:03:35]} {[%emt 00:06:32]} Bxd4
{[%clk 01:08:48]} {[%emt 00:02:07]} 14. Rxd4 {[%clk 01:01:44]} {[%emt
00:02:21]} Qxd4 {[%clk 01:07:30]} {[%emt 00:01:48]} 15. Qxd4 {[%clk 01:00:47]}
{[%emt 00:01:27]} Nxd4 {[%clk 01:07:51]} {[%emt 00:00:10]} 16. Bxd7 {[%clk
01:01:11]} {[%emt 00:00:04]} e6 {[%clk 01:02:38]} {[%emt 00:05:44]} 17. Ba4
{[%clk 01:00:14]} {[%emt 00:01:27]} Rfd8 {[%clk 00:59:51]} {[%emt 00:03:14]}
18. Rh3 {[%clk 00:58:35]} {[%emt 00:02:12]} a6 {[%clk 00:57:57]} {[%emt
00:02:24]} 19. Rd3 {[%clk 00:52:03]} {[%emt 00:06:10]} Nc6 {[%clk 00:57:46]}
{[%emt 00:01:33]} 20. f4 {[%clk 00:52:08]} {[%emt 00:00:26]} b5 {[%clk
00:56:02]} {[%emt 00:02:13]} 21. Bb3 {[%clk 00:52:16]} {[%emt 00:00:22]} Na5
{[%clk 00:54:53]} {[%emt 00:01:36]} 22. f5 {[%clk 00:52:04]} {[%emt 00:00:45]}
Nxb3 {[%clk 00:53:59]} {[%emt 00:01:24]} 23. axb3 {[%clk 00:52:22]} {[%emt
00:00:12]} gxf5 {[%clk 00:53:06]} {[%emt 00:01:22]} 24. exf5 {[%emt 00:00:37]}
e5 {[%emt 00:01:16]} 25. Nd5 {[%clk 00:50:11]} {[%emt 00:00:49]} Kf8 {[%clk
00:52:08]} {[%emt 00:01:27]} 26. f6 {[%clk 00:49:43]} {[%emt 00:00:58]} Rab8
{[%clk 00:48:43]} {[%emt 00:03:52]} 27. Rg3 {[%clk 00:49:10]} {[%emt 00:01:06]}
Ke8 {[%clk 00:48:08]} {[%emt 00:01:05]} 28. h5 {[%clk 00:46:55]} {[%emt
00:02:43]} Kd7 {[%clk 00:42:44]} {[%emt 00:05:52]} 29. Rc3 {[%clk 00:43:31]}
{[%emt 00:03:59]} Ke6 {[%clk 00:41:43]} {[%emt 00:01:22]} 30. Nc7+ {[%clk
00:43:39]} {[%emt 00:00:31]} Kxf6 {[%clk 00:41:36]} {[%emt 00:00:36]} 31. Nd5+
{[%clk 00:42:49]} {[%emt 00:01:20]} Kg5 {[%clk 00:39:53]} {[%emt 00:02:12]} 32.
Rg3+ {[%clk 00:42:26]} {[%emt 00:00:54]} Kxh5 {[%clk 00:37:46]} {[%emt
00:02:36]} 33. Nf6+ {[%clk 00:42:47]} {[%emt 00:00:11]} Kh6 {[%clk 00:36:52]}
{[%emt 00:01:21]} 34. Ng4+ {[%clk 00:40:30]} {[%emt 00:02:50]} Kg5 {[%clk
00:35:39]} {[%emt 00:01:41]} 35. Ne3+ {[%clk 00:39:17]} {[%emt 00:01:45]} Kf4
{[%clk 00:35:15]} {[%emt 00:00:51]} 36. Rh3 {[%clk 00:39:24]} {[%emt 00:00:25]}
e4 {[%clk 00:32:29]} {[%emt 00:03:17]} 37. Nd5+ {[%clk 00:38:45]} {[%emt
00:01:08]} Ke5 {[%clk 00:24:51]} {[%emt 00:08:08]} 38. Rh5+ {[%clk 00:37:58]}
{[%emt 00:01:17]} Ke6 {[%clk 00:25:01]} {[%emt 00:00:19]} 39. Nc7+ {[%clk
00:37:41]} {[%emt 00:00:47]} Kd7 {[%clk 00:23:14]} {[%emt 00:02:19]} 40. Nxa6
{[%clk 00:37:25]} {[%emt 00:00:44]} Rb7 {[%clk 00:21:43]} {[%emt 00:01:59]} 41.
Rxh7 {[%clk 00:36:23]} {[%emt 00:01:34]} Kc8 {[%clk 00:20:36]} {[%emt
00:01:38]} 42. Rh3 {[%clk 00:34:11]} {[%emt 00:02:40]} b4 {[%clk 00:20:04]}
{[%emt 00:01:05]} 43. c3 {[%clk 00:33:36]} {[%emt 00:01:05]} bxc3 {[%clk
00:18:02]} {[%emt 00:02:32]} 44. Rxc3+ {[%clk 00:33:19]} {[%emt 00:00:46]} Kd7
{[%clk 00:18:23]} {[%emt 00:00:09]} 45. Rc4 {[%clk 00:32:13]} {[%emt 00:01:36]}
e3 {[%clk 00:18:09]} {[%emt 00:00:44]} 46. Re4 {[%clk 00:27:22]} {[%emt
00:05:22]} Re8 {[%clk 00:17:49]} {[%emt 00:00:50]} 47. Rxe8 {[%clk 00:26:31]}
{[%emt 00:01:19]} Kxe8 {[%clk 00:15:53]} {[%emt 00:02:27]} 48. Kc2 {[%clk
00:26:50]} {[%emt 00:00:12]} d5 {[%clk 00:15:58]} {[%emt 00:00:25]} 49. Nc5
{[%clk 00:18:58]} {[%emt 00:08:22]} Rc7 {[%clk 00:15:40]} {[%emt 00:00:47]} 50.
b4 {[%clk 00:19:18]} {[%emt 00:00:10]} Re7 {[%clk 00:14:18]} {[%emt 00:01:48]}
51. Kd1 {[%clk 00:18:46]} {[%emt 00:01:05]} Kd8 {[%clk 00:11:44]} {[%emt
00:03:03]} 52. b5 {[%clk 00:16:08]} {[%emt 00:03:10]} Kc7 {[%clk 00:11:50]}
{[%emt 00:00:24]} 53. Na4 {[%clk 00:11:26]} {[%emt 00:05:19]} d4 {[%clk
00:09:42]} 54. Ke2 {[%clk 00:11:06]} {[%emt 00:25:52]} d3+ {[%clk 00:08:36]}
{[%emt 00:01:36]} 55. Ke1 {[%clk 00:11:07]} {[%emt 00:00:29]} e2 {[%clk
00:07:23]} {[%emt 00:01:43]} 56. b6+ {[%clk 00:10:15]} {[%emt 00:01:21]} Kb7
{[%clk 00:07:45]} {[%emt 00:00:08]} 57. Nc5+ {[%clk 00:10:27]} {[%emt
00:00:20]} Kxb6 {[%clk 00:07:48]} {[%emt 00:00:25]} 58. Nxd3 {[%clk 00:10:51]}
{[%emt 00:00:05]} Kb5 {[%clk 00:05:51]} {[%emt 00:02:29]} 59. Nf4 {[%clk
00:10:47]} {[%emt 00:00:34]} Kc4 {[%clk 00:05:57]} {[%emt 00:00:23]} 60. b4
{[%clk 00:10:46]} {[%emt 00:00:32]} Re4 {[%clk 00:05:38]} {[%emt 00:00:47]} 61.
g3 {[%clk 00:10:41]} {[%emt 00:00:37]} Kd4 {[%clk 00:01:10]} {[%emt 00:04:58]}
62. b5 {[%clk 00:10:47]} {[%emt 00:00:25]} Re8 {[%clk 00:14:35]} {[%emt
00:01:58]} 63. b6 {[%clk 00:25:54]} {[%emt 00:00:29]} Ke3 {[%clk 00:14:24]}
{[%emt 00:00:30]} 64. Nxe2 {[%clk 00:25:11]} {[%emt 00:01:23]} Kf3 {[%clk
00:14:26]} {[%emt 00:00:27]} 65. Kd2 {[%clk 00:24:01]} {[%emt 00:01:42]} Rxe2+
{[%clk 00:14:47]} {[%emt 00:00:09]} 66. Kc3 {[%clk 00:24:26]} {[%emt 00:00:05]}
Re6 {[%clk 00:13:19]} {[%emt 00:01:52]} 0-1